| 000 | 00605nam a2200205 a 4500 | ||
|---|---|---|---|
| 005 | 20231108063639.0 | ||
| 008 | 991125s1985 bue 000 0 spa u | ||
| 020 | _a9501216233 | ||
| 035 | _aUPN01000010359 | ||
| 049 | _aCG | ||
| 050 | 4 |
_aLB1028.5 _bB6.28 |
|
| 100 | 1 | _aBossuet, G. | |
| 245 | 1 | 3 |
_aLa computadora en la escuela / _cG. Bossuet ; pref. de Seymour Papert ; tr. Luis Justo. |
| 260 |
_aBuenos Aires : _bPaidós, _c1985. |
||
| 300 | _a222 p. | ||
| 440 | 0 |
_aPaidós educador ; _v63 |
|
| 650 | 4 |
_aComputadoras en la educación _94976 |
|
| 650 | 4 |
_aTecnología educativa _94978 |
|
| 905 | _aLibro | ||
| 999 |
_c10359 _d10359 |
||